All Deadwood Episodes - Statistics

General Stats
  • This quiz has been taken 15 times
  • The average score is 11 of 36
Answer Stats
Hint Answer % Correct
S1E7 Bullock Returns to the Camp
100%
S2E11 The Whores Can Come
100%
S2E1 A Lie Agreed Upon (Part I)
50%
S2E2 A Lie Agreed Upon (Part II)
50%
S2E9 Amalgamation and Capital
50%
S3E9 Amateur Night
50%
S3E6 A Rich Find
50%
S2E12 Boy-the-Earth-Talks-To
50%
S1E1 Deadwood
50%
S2E7 E.B. Was Left Out
50%
S1E4 Here Was a Man
50%
S3E2 I Am Not the Fine Man You Take Me For
50%
S1E11 Jewel's Boot Is Made for Walking
50%
S1E6 Plague
50%
S1E3 Reconnoitering the Rim
50%
S2E4 Requiem for a Gleet
50%
S3E12 Tell Him Something Pretty
50%
S3E1 Tell Your God to Ready for Blood
50%
S1E5 The Trial of Jack McCall
50%
S3E7 Unauthorized Cinnamon
50%
S3E10 A Constant Throb
0%
S2E10 Advances, None Miraculous
0%
S3E5 A Two-Headed Beast
0%
S2E8 Childish Things
0%
S2E5 Complications
0%
S1E2 Deep Water
0%
S3E4 Full Faith and Credit
0%
S3E8 Leviathan Smiles
0%
S1E10 Mister Wu
0%
S2E3 New Money
0%
S1E9 No Other Sons or Daughters
0%
S1E12 Sold Under Sin
0%
S2E6 Something Very Expensive
0%
S1E8 Suffer the Little Children
0%
S3E11 The Catbird Seat
0%
S3E3 True Colors
0%
No matching quizzes found
Score Distribution
Percent of People with Each Score
Percentile by Number Answered
Your Score History
You have not taken this quiz